wikipediaから市町村名クイズPart.1 - Statistics

General Stats
  • This quiz has been taken 14 times
  • The average score is 9 of 15
Answer Stats
Hint Answer % Correct
**市(**し)は、**県の県南地域に位置する市。業務核都市、国際会議観光都市に指定されている。 **県では**市に次ぐ第二の都市。また、学術・研究都市としての**研究学園都市は**市全域を区域とする。2011年(平成23年)12月22日には総合特別区域法に基づく国際戦略総合特別区域に指定された。 つくば市
100%
**海岸を代表する都市の一つであり、「本州最東端のまち」を掲げ、世界三大漁場の一つ**沖の豊かな漁業資源と、****国立公園・浄土ヶ浜や***国定公園を代表とする森・川・海の豊かな自然環境を背景に、漁業と観光に力を入れている。 宮古市
85%
大型の砂州である弓ヶ浜半島の北端に位置し、三方を*海と*海、これらを繋ぐ*水道とに囲まれている。境水道を隔ててまたは江島大橋を渡り、**県の**市(旧美保関町・旧八束町)と接する。__市は砂州上に立地しており、平均海抜2mと非常に低く、平坦な土地でもある。 境港市
77%
__市は、**県の**平野北西部に位置する。自称日本列島の一番「ど真ん中」にある都市としている。**県では県庁所在地の**市に次いで2番目の人口である。 大垣市
69%
全国の村では、**県**郡**村に次いで2番目に人口が多い。また、人口密度も村としては4番目に高く**県条例による町制施行要件は満たしている。**県内にある村は、本村と**郡**村の2村のみである。また、県内の住みやすさランキング(2021年度)では、2位になった。 東海村
69%
**県では**島と**島に次ぐ3番目に大きな**島と、**諸島とからなる。**列島は現在は無人島で、実質的には一島一市である。**県最高峰の於茂登岳(標高526 m)を中心に、その西側を名蔵川、南側を宮良川が流れ、川に沿って低地や広がり、貴重な動植物の生息域となっている。 石垣市
62%
**南端の**半島南東部で天然の良港である**港によって**と**を結ぶ交通結節点、及び**地域の中心都市として発展してきた港湾都市である。**港(**港)は幕末に**港・**港とともに日本国内で最初の交易港として開港し(安政五カ国条約)、1920年(第1回国勢調査)では**一位の人口となった。 函館市
62%
__市(____し)は、**北部の**地域に位置し、**湾の支湾である__湾に面する市。もと京極氏・牧野氏3万5000石の城下町。旧称、田辺。人口7万4千人。 __港の東港は、かつては旧日本海軍の軍港で、__鎮守府の所在地であった。現在は海上自衛隊の基地港であり総監部(__地方隊)が置かれる。西港は、北前船の時代から現在に至るまで商港として利用されている。地域おこしとして、**県**市と共に肉じゃが発祥の地を名乗っている。 舞鶴市
62%
__市(____し)は、**県西部にある市。日本で最初に市制を施行した都市の一つである。**県の**地域に属する。__藩の城下町として発展し、**地方の中心都市として、周辺自治体に広がる人口約30万人(2010年)の__都市圏を形成している。**県唯一の国立大学である__大学が設置されている。 弘前市
54%
面積40.99平方キロメートルのうち半分を占める21.7平方キロメートルは**市***を挟んで西側の飛び地部分の面積である。飛び地は__村の合併前の6村共同の入会地であった山林であり、定住者はいない。 南箕輪村
46%
__市(___し)は、**県の**地方西端に位置する市。*川を挟んで**地方と接している。豊田自動織機(トヨタ自動車の源流企業)、デンソー、トヨタ紡織、トヨタ車体、アイシン、愛知製鋼(__工場)、ジェイテクトといったトヨタグループの主要企業が軒並み本社を構える自動車工業都市である。 刈谷市
46%
**県民センター管轄区域。北に**山地、南に**湾を臨んだ豊かな自然と、南に緩やかに傾斜する地形は、美しい景観と温暖な気候を形成する。国際観光文化都市に指定されている。**間モダニズムの中核に位置しており、六麓荘町などを筆頭に日本有数の高級住宅街が広がる。 芦屋市
46%
__市(____し)は、**県において**市と共に県央とされる市。**空港があることから、**県の空の玄関口としての面も併せ持つ。 大村市
38%
***カルデラとその東側の**カルデラの麓に位置しており、その東は**高原となっている。一方、南は**町に接しており**湿原につながる場所にある。町内の約70%は山林が占めている。 弟子屈町
31%
__市は、南に法皇山脈があり、北は*****灘に面する。平野部が狭小のため、山地から海に向かって「やまじ」と呼ばれる局地風が吹きおろす。同じ**地方の**市・**市・**市とともに***工業地域に含まれ、**県・**地方を代表する工業都市のひとつである。大王製紙が本社を置いており、日本有数の製紙産業地帯となっている。 四国中央市
31%
No matching quizzes found
Score Distribution
Percent of People with Each Score
Percentile by Number Answered
Your Score History
You have not taken this quiz